| 000 | 01266nam0a2200289 4500 | ||
|---|---|---|---|
| 001 | RU\NLR\BIBL_A\016338644 | ||
| 005 | 20260406154055.0 | ||
| 035 | _a(NLR Aleph) 016338644 | ||
| 090 |
_a13315017 _c13315017 |
||
| 100 | _a20230410d1984 |||y0rusy50 ca | ||
| 101 | 0 |
_aaze _crus |
|
| 102 | _aAZ | ||
| 105 | _aa z 000 y | ||
| 200 | 1 |
_aРиjазиjjат _eорта мәктәбин 5-ҹи синфи үчүн дәрслик _fН. J. Виленкин, К. И. Нешков, С. И. Швартсбурд вә б. _g[ред.: А. И. Маркушевич] _g[тәрҹ. ед.: Ә. Әлиjев] |
|
| 205 | _a8-ҹи нәшр | ||
| 210 |
_aБакы _cМаариф _d1984 |
||
| 215 |
_a213, [1]c. _cил. _d21 |
||
| 300 | _aНа обл. и тит. л. авт. не указ. | ||
| 541 | 1 |
_aМатематика _eучеб. для 5-го кл. _zrus |
|
| 686 | 1 | _aВ1я72 | |
| 701 | 1 |
_4070 _8rus _7ca _aВиленкин _bН. Я. _f1920-1991 _gНаум Яковлевич _3RU\NLR\AUTH\776772 _9116720 |
|
| 701 | 1 |
_8rus _7ca _aНешков _bК. И. _gКонстантин Иванович _3RU\NLR\AUTH\7793682 _976608 |
|
| 701 | 1 |
_aЩварцбурд _bС. И. _gСемен Исаакович _4070 |
|
| 852 |
_aNLR _bОНЛ _jАзерб./3-11509 |
||
| 942 | _cBOOK | ||
| 980 | _aNB | ||